00722nam a2200145 i 4500001000700000003000900007005001700016008004100033100004900074245011400123260006200237300004500299650004900344852018300393189573ES-MaACL20231224062936.0190620s1854 sp bf |||| | spa d1 aBotella y de Hornos, Federico de,d1822-189910aOjeada sobre la geología del Reino de Valencia / cpor Federico de Botella ; 1854, publicada de Real Orden. aMadrid : bImp. de la Viuda de Don Antonio Yenes, c1854. a15 p., [2] h. de lám. pleg. ; c28 cm. 4aGeología-zValencia (Comunidad Autónoma) aES-MaACLjL-32448(5) z- Enc. cart. z. - Legado Federico de Botella y de Hornos z- Enc. en un vol. facticio, con tít. en el lomo de: España, geología: memorias varias, 1